<?xml version="1.0" encoding="UTF-8"?><?xml-stylesheet type="text/xsl" href="static/style.xsl"?><OAI-PMH xmlns="http://www.openarchives.org/OAI/2.0/" xmlns:xsi="http://www.w3.org/2001/XMLSchema-instance" xsi:schemaLocation="http://www.openarchives.org/OAI/2.0/ http://www.openarchives.org/OAI/2.0/OAI-PMH.xsd"><responseDate>2026-04-17T04:50:12Z</responseDate><request verb="GetRecord" identifier="oai:www.recercat.cat:10256/14985" metadataPrefix="marc">https://recercat.cat/oai/request</request><GetRecord><record><header><identifier>oai:recercat.cat:10256/14985</identifier><datestamp>2024-06-14T09:44:08Z</datestamp><setSpec>com_2072_452955</setSpec><setSpec>com_2072_2054</setSpec><setSpec>col_2072_453064</setSpec></header><metadata><record xmlns="http://www.loc.gov/MARC21/slim" xmlns:dcterms="http://purl.org/dc/terms/" xmlns:xsi="http://www.w3.org/2001/XMLSchema-instance" xmlns:doc="http://www.lyncode.com/xoai" xsi:schemaLocation="http://www.loc.gov/MARC21/slim http://www.loc.gov/standards/marcxml/schema/MARC21slim.xsd">
   <leader>00925njm 22002777a 4500</leader>
   <datafield ind2=" " ind1=" " tag="042">
      <subfield code="a">dc</subfield>
   </datafield>
   <datafield ind2=" " ind1=" " tag="720">
      <subfield code="a">Casacuberta, Margarida</subfield>
      <subfield code="e">author</subfield>
   </datafield>
   <datafield ind2=" " ind1=" " tag="260">
      <subfield code="c">2016</subfield>
   </datafield>
   <datafield ind2=" " ind1=" " tag="520">
      <subfield code="a">With his poetic work («L’Empordà»), and as a columnist of Joventut or La Veu de Catalunya, and -being a cultural leading figurewith&#xd;
his interventions as president of literary contests (Festa de la Bellesa de Palafrugell, Jocs Florals de Girona…), Maragall&#xd;
collaborates with Prat de la Riba’s project. With «Catalunya endins» as motto, this project seeks to build a symbolic construction&#xd;
of the Catalan nation, creating a myth about l’Empordà that turns the region into a symbol of the Catalan identity while conserving&#xd;
the complexity of the poet’s figure. However, as the myth becomes more popular, it will be interpreted in different ways</subfield>
   </datafield>
   <datafield ind2=" " ind1=" " tag="520">
      <subfield code="a">Amb la seva obra com a poeta ('L'Empordà') i com a articulista de Joventut o La Veu de Catalunya, i -en tant que figura rellevant del món cultural- amb les seves intervencions com a president de certàmens literaris (Festa de la Bellesa de Palafrugell, Jocs Florals de Girona ), Maragall col·labora amb el projecte de Prat de la Riba que, amb el lema «Catalunya endins» pretén bastir una construcció simbòlica de la nació catalana, i elabora un mite sobre l'Empordà que, alhora que converteix la comarca en símbol de la identitat catalana, recull la complexitat de la figura del poeta; a mida que el mite es vagi popularitzant, però, anirà rebent altres interpretacions</subfield>
   </datafield>
   <datafield ind1="8" ind2=" " tag="024">
      <subfield code="a">http://hdl.handle.net/10256/14985</subfield>
   </datafield>
   <datafield tag="653" ind2=" " ind1=" ">
      <subfield code="a">Poesia catalana</subfield>
   </datafield>
   <datafield tag="653" ind2=" " ind1=" ">
      <subfield code="a">Catalan poetry</subfield>
   </datafield>
   <datafield tag="653" ind2=" " ind1=" ">
      <subfield code="a">Maragall, Joan, 1860-1911</subfield>
   </datafield>
   <datafield tag="653" ind2=" " ind1=" ">
      <subfield code="a">Jocs florals -- Catalunya</subfield>
   </datafield>
   <datafield tag="653" ind2=" " ind1=" ">
      <subfield code="a">Floral games -- Catalonia</subfield>
   </datafield>
   <datafield ind2="0" ind1="0" tag="245">
      <subfield code="a">Maragall i la construcció literària del mite de l'Empordà</subfield>
   </datafield>
</record></metadata></record></GetRecord></OAI-PMH>